01175nam a2200361 i 450000100060000000300090000600500170001500800390003202000150007104000360008604100080012204600090013008000120013908000120015110000420016324500650020526000480027030000210031833600270033933700540036633800280042038000160044838000270046438500390049138800100053050400240054065800300056465500300059465000140062471000340063885600980067285600430077043317KOSZ 00520191220100345.0031010s2003 pl f f |000 0 pol a8301140518 cKOSZ 005aKOSZ 005dKOSZ 005/HR apol k2003 a339.138 a(075.8)1 aMichalski, Eugeniuszd(1939- )eAutor10aMarketing :bpodręcznik akademicki /cEugeniusz Michalski. aWarszawa :bWydawnictwo Naukowe PWN,c2003. a644 s. ;c24 cm. 2rdacontentaTekstbtxt 2rdamediaaBez urządzenia pośredniczącegobn 2rdacarrieraWoluminbnc aKsiążki aPublikacje dydaktyczne mPoziom nauczaniaaSzkoły wyższe a2001- aBibliogr. - Indeks. aZarządzanie i marketing 4aPodręczniki akademickie 4aMarketing2 aWydawnictwo Naukowe PWN4pbl. uhttp://koha.tu.koszalin.pl/cgi-bin/koha/opac-detail.pl?biblionumber=43317yKatalog online BPK uhttp://libra.ibuk.pl/book/184206yIBUK